000
00260nam a22001097a 4500
082
_a
954/MON
100
_a
Mondini,Umberto
_9
83972
245
_a
The history of india an introduction
260
_a
Jodhpur
_b
Books treasure
_c
2021
650
_a
History
942
_c
BK
999
_c
68988
_d
68988